Statistics for Super Bowl Half-Time Performers

Click here to take the quiz!

General Stats

  • This quiz has been taken 26,353 times
    (1,842 since last reset)
  • The average score is 11 of 23

Answer Stats

Year Performer % Correct
2013Beyoncé
80%
2018Justin Timberlake
78%
2004Janet Jackson
77%
2017Lady Gaga
68%
2015Katy Perry
66%
2019Maroon 5
64%
2014Bruno Mars
60%
2020Jennifer Lopez
59%
2020Shakira
56%
2016Coldplay
52%
2012Madonna
48%
2007Prince
44%
2002U2
42%
2006The Rolling Stones
42%
2011The Black Eyed Peas
38%
2009Bruce Springsteen
34%
2005Paul McCartney
32%
2001'N Sync
31%
2001Aerosmith
30%
2010The Who
29%
2008Tom Petty & the Heartbreakers
24%
2003Shania Twain
17%
2003No Doubt
15%

Score Distribution

Percentile by Number Answered

Percent of People with Each Score

Your Score History

You have not taken this quiz since the last reset